Statistiken für Ewige Tabelle der deutschen Frauen-Bundesliga

Klicken Sie hier um das Quiz zu spielen!

Allgemein

  • Dieses Quiz wurde 411 mal gespielt
  • Das Durchschnittsergebnis liegt bei 18 aus 52

Antwortstatistiken

PlatzMannschaft# SaisonsPunkte% Korrekt
3VfL Wolfsburg291029
98%
15Bayer 04 Leverkusen14303
97%
1Eintracht Frankfurt311400
91%
21. FFC Turbine Potsdam271178
89%
5FC Bayern München23941
89%
6FSV Frankfurt16568
87%
81. FC Köln18542
82%
7SC Freiburg20547
80%
28Werder Bremen462
79%
9SGS Essen17501
74%
4MSV Duisburg271028
70%
26KBC Duisburg4101
69%
17TSG 1899 Hoffenheim8258
68%
16Hamburger SV11261
65%
431. FC Lokomotive Leipzig113
64%
20SC Sand8194
63%
471. FC Nürnberg19
59%
18Carl Zeiss Jena12223
50%
23Tennis Borussia Berlin8141
48%
42SV Meppen114
45%
22Fortuna Sachsenroß Hannover7166
42%
38SG Wattenscheid 09222
38%
49Borussia Mönchengladbach27
36%
131. FC Saarbrücken16342
35%
50Polizei SV Rostock16
34%
35FFC Wacker München223
26%
31VfL Ulm/Neu-Ulm235
22%
48FSV Gütersloh 200917
20%
11Sportfreunde Siegen11465
19%
10SC 07 Bad Neuenahr19493
15%
12FFC Heike Rheine16453
10%
21VfL Sindelfingen10185
10%
40FC Erzgebirge Aue114
9%
39BV Cloppenburg117
6%
34Herforder SV324
6%
25TSV Crailsheim6108
5%
14TuS Niederkirchen11321
5%
41SV Wilhelmshaven114
3%
32TSV Ludwigsburg227
3%
29FFC Flaesheim-Hillen356
2%
19SC Klinge Seckach8204
2%
30TuS Wörrstadt437
2%
51TV Jahn Delmenhorst14
2%
521. FC Neukölln10
1%
33TSV Battenberg225
1%
24TuS Ahrbach6139
1%
44VfL Wittekind Wildeshausen112
1%
36FSV Schwarzbach223
0%
27Schmalfelder SV589
0%
37SC Poppenbüttel222
0%
45STV Lövenich19
0%
46TuS Binzen19
0%

Verteilung der Resultate

Perzentil nach korrekt beantworteten Fragen

Anzahl Personen mit jedem Resultat

Ihre Resultats-Entwicklung

Sie haben dieses Quiz noch nicht gespielt